রবীন্দ্র দর্শন / (Record no. 36776)
[ view plain ]
| 000 -LEADER | |
|---|---|
| fixed length control field | 00906nam a22002297a 4500 |
| 001 - CONTROL NUMBER | |
| control field | 36776 |
| 003 - CONTROL NUMBER IDENTIFIER | |
| rucl marc code | BD-RjUL |
| 005 - DATE AND TIME OF LATEST TRANSACTION | |
| control field | 20211209052535.0 |
| 008 - FIXED-LENGTH DATA ELEMENTS--GENERAL INFORMATION | |
| fixed length control field | 140902s1986 bg ||||| b||| 00| 0 ben d |
| 035 ## - SYSTEM CONTROL NUMBER | |
| System control number | (BD-RjUL)36878 |
| 040 ## - CATALOGING SOURCE | |
| Original cataloging agency | BD-RjUL |
| Language of cataloging | ben |
| Transcribing agency | BD-RjUL |
| 041 ## - LANGUAGE CODE | |
| Language code of text/sound track or separate title | ben |
| 082 ## - DEWEY DECIMAL CLASSIFICATION NUMBER | |
| Classification number | 891.4414 |
| Author mark and year | SAR 1986 |
| 100 ## - MAIN ENTRY--PERSONAL NAME | |
| Personal name | সরকার, মোঃ সোলায়মান আলী |
| 9 (RLIN) | 112184 |
| 245 ## - TITLE STATEMENT | |
| Title | রবীন্দ্র দর্শন / |
| Statement of responsibility, etc. | মোঃ সোলায়মান আলী সরকার |
| 260 ## - PUBLICATION, DISTRIBUTION, ETC. (IMPRINT) | |
| Place of publication, distribution, etc. | রাজশাহী : |
| Name of publisher, distributor, etc. | মোসাম্মৎ সায়েরা খাতুন, |
| Date of publication, distribution, etc. | ১৯৮৬. |
| 300 ## - PHYSICAL DESCRIPTION | |
| Pagination | ৭৪ পৃ. ; |
| Size | ২০ সেমি. |
| 504 ## - BIBLIOGRAPHY, ETC. NOTE | |
| Bibliography, etc | গ্রন্থপঞ্জী সংযুক্ত |
| 600 ## - SUBJECT ADDED ENTRY--PERSONAL NAME | |
| Personal name | Tagore, Rabindranath |
| Personal name | ঠাকুর, রবীন্দ্রনাথ |
| 942 ## - ADDED ENTRY ELEMENTS (KOHA) | |
| Source of classification or shelving scheme | Dewey Decimal Classification |
| Koha item type | Books |
| Lost status | Source of classification or shelving scheme | Damaged status | Not for loan | Collection code | Permanent Location | Current Location | Shelving location | Date acquired | Source of acquisition | Cost, normal purchase price | Total Checkouts | Full call number | Date last seen | Copy number | Koha item type |
|---|---|---|---|---|---|---|---|---|---|---|---|---|---|---|---|
| Dewey Decimal Classification | Non-fiction | Central Library, University of Rajshahi | Central Library, University of Rajshahi | 26/12/1987 | Solaiman Ali Sarker, Philosophy Dept., RU | 15.00 | B 891.4414 SAR 1986 | 12/05/2016 | C-2 | Books |